| 000 | 00992nam a2200265 a 4500 | ||
|---|---|---|---|
| 005 | 20240506133040.0 | ||
| 008 | 100702t1995||||ag f |||| 00| 0 spa d | ||
| 020 | _a950925004X | ||
| 041 | _aspa | ||
| 092 |
_c346.033 _l51 _sMED |
||
| 100 | 1 |
_aMedone, Alberto _93031 |
|
| 245 |
_aMala praxis médica. _bEfectos y prevención / _cAlberto Medone |
||
| 250 | _a1a ed. | ||
| 260 |
_aBuenos Aires: _bLa Prensa Medica Argentina; _c1995. |
||
| 300 | _a102 p. | ||
| 500 | _aMedone, A. y Califano, J. E. (1995). Mala praxis médica. Efectos y prevención. (1a ed.). Buenos Aires : La Prensa Médica Argentina. | ||
| 653 | _aResponsabilidad civil. El derecho como ordenamiento | ||
| 653 | _aVínculo jurídico entre médico y paciente | ||
| 653 | _aDeberes del médico. La historia clínica | ||
| 653 | _aRazones del incremento de los juicios | ||
| 653 | _aAnatomía y fisiología del juicio | ||
| 653 | 3 | _aLa respuesta del médico | |
| 700 | 1 |
_aCalifano, Jorge E. _9226 |
|
| 942 |
_2ddc _cBK |
||
| 999 |
_c2174 _d2174 |
||